000 00725nam a2200241Ia 4500
003 OSt
005 20220926044601.0
006 a|||||r|||| 00| 0
007 ta
008 220923b |||||||| |||| 00| 0 eng d
037 _cGeneral Book
040 _aRTL
_cRTL
_beng
041 _2eng
_aeng
082 _aX.2.M3, K0
100 _aDutt Romesh
110 _aPlanning Commission ' Repport Of the Committee
_9349199
245 0 _aEconomic history of India. V 1 Under early British
260 _c1960
490 _vV. 1 Under early British rule. .1757-1837
700 _aPlanning Commission ' Repport Of the Committee
_9349200
942 _hX.2.M3, K0
_cGB
_2CC
999 _c675259
_d675259